000 00690nam a22001937a 4500
001 TVUNI
005 20260126014717.0
008 221111s2020 vm vie d
040 _aTVUNI
_eAACR2
041 0 _avie
100 1 _aNguyễn, Việt Cường
245 1 0 _aHoàn thiện cơ chế tự chủ tài chính tại bệnh viện đa khoa Bà Rịa :
_bLuận văn Thạc Sĩ quản lý kinh tế /
_cNguyễn Việt Cường
260 _aVĩnh Phúc :
_bTrường ĐH Trưng Vương,
_c2020
300 _a97 tr.
500 _aBộ Giáo Dục và Đào Tạo Trường Đại Học Trưng Vương
942 _2ddc
_cLVLA
999 _c3355
_d3355
911 _a1
_bHiển Phạm
912 _a1
_bHiển Phạm